Монгол улсын үндэсний номын сан (Бичлэгийн дугаар. 68199)

MARC дэлгэрэнгүй
000 -Удирдлага
Ном зүйн бүртгэл тоо буюу кодлох утгыг агуулсан 01181 a2200229 4500
003 - ХЯНАЛТЫН ТОО ТОДОРХОЙЛОГЧ
Код MN-UlNLM
005 - ХАМГИЙН СҮҮЛИЙН ҮЕИЙН ХЭЛЦЛИЙН ОГНОО БА ЦАГ
Тухайн бичилтийг бичсэн засварласан сүүлийн огноо. 20221004151805.0
008 - ЕРӨНХИЙ МЭДЭЭЛЭЛ-ЭЛЕМЕНТҮҮДИЙН ӨГӨГДЛИЙН УРТ
fixed length control field a130t2011 mp ||||| |||| 00| 0 mon d
040 ## - ЭХ СУРВАЛЖИЙГ ТОДОРХОЙЛОН БИЧИХ
Анхны каталогийн байгууллага Монгол Улсын Үндэсний номын сан
084 ## - БУСАД АНГИЛЛЫН ДУГААР
Анги 78.34(5Мон)
Ангиллын нэр Номын сан номзүйн ангилал
Зохиогчийн 3-н тэмдэгт М 695
Шинжлэх ухааны мэдлэгийн салбар Соёл, шинжлэх ухаан, боловсрол - 7
110 ## - ДЭЭД ГАРЧГИЙН МЭДЭЭ
Эрхлэн гаргасан байгууллагын нэр МҮНС
245 1# - ҮНДСЭН ГАРЧИГ
Гарчиг Монгол улсын үндэсний номын сан
Гарчигт хамааралтай мэдээ Танилцуулга
Оролцогчдын тухай мэдээ Эмхт. Д.Бямбасүрэн
-- Ред. Х.Чилаажав
246 ## - ЗЭРЭГЦЭЭ ГАРЧИГ
Зэрэгцээ гарчиг The national library of Mongolia
260 1# - ГАРАЛТЫН ТУХАЙ МЭДЭЭ
Хэвлэгдсэн он 2011
Хэвлэгдсэн газар УБ
Хэвлэлийн газар Содпресс
300 ## - ТООНЫ МЭДЭЭ
Хуудасны тоо 24х
Дагалдах материал Зур.
546 ## - ХЭЛНИЙ ТУХАЙ МЭДЭЭ
Хэл
653 ## - ТҮЛХҮҮР ҮГС
Түлхүүр үг Соёл, шинжлэх ухаан, боловсрол
-- Номын сангийн ажлын зохион байгуулалт
740 ## - НОМЫН АГУУЛГЫН ГАРЧИГ
Номын гарчгууд Үндэсний номын сангийн тухай товчхон
-- Мэдээлэл арга зүй, эрдэм шинжилгээний хэлтэс
-- Ном бүрдүүлэх, боловсруулах солилцох хэлтэс
-- Фонд хадгаламжийн хэлтэс
-- Уншлага үйлчилгээний хэлтэс
856 ## - ЭЛЕКТРОН БАЙРЛАЛ БА ХОЛБООС
Төрөл Хэвлэмэл ном
942 ## - ЭЛЕМЕНТИЙН ТӨРӨЛ
Төрөл Ном
Захиалгууд
Буцаан татагдсан төлөв Хасагдсан шалтгаан Гэмтсэн төлөв Данс заагч Захиалах боломжгүй Үндсэн номын сан Одоогийн байршил Салбар танхим Сан хөмрөг 5 Бүртгэсэн огноо Тавиурын заалт Баркод Үнэ Хамгийн сүүлд байсан огноо Салбар Нийт уншлаганд гарсан тоо Хамгийн сүүлд уншлаганд гарсан огноо Төрөл
          МУҮндэсний Номын сан МУҮНомын сан салбар МУҮНС салбар | Гэр бүлийн танхим 2 давхар МУҮНС салбар | Гэр бүлийн танхим 2 давхар 2021-09-08 83660 02083660 3500.00 2022-11-19 0000020836 2 2022-11-19 Ном
          МУҮНомын сан салбар МУҮНомын сан салбар МУҮНС салбар | Эрдэм танхим 7 давхар МУҮНС салбар | Эрдэм танхим 7 давхар 2021-09-08 83662 02083662 3500.00 2021-09-08 0000020836 1 2018-09-21 Ном
          МУҮНомын сан салбар МУҮНомын сан салбар МУҮНС салбар | Эрдэм танхим 7 давхар МУҮНС салбар | Эрдэм танхим 7 давхар 2021-09-08 83661 02083661 3500.00 2021-09-08 0000020836     Ном
          МУҮНомын сан салбар МУҮНомын сан салбар МУҮНС салбар | Эрдэм танхим 7 давхар МУҮНС салбар | Эрдэм танхим 7 давхар 2021-09-08 83659 02083659 3500.00 2022-11-20 0000020836 2 2019-11-18 Ном